Alfaz Ka Jadoo (Urdu); Talk your way to success with people (Record no. 294804)

000 -LEADER
fixed length control field 00402 a2200145 4500
001 - CONTROL NUMBER
control field 59731
082 ## - DEWEY DECIMAL CLASSIFICATION NUMBER
Classification number 158 SAR
090 ## - LOCALLY ASSIGNED LC-TYPE CALL NUMBER (OCLC); LOCAL CALL NUMBER (RLIN)
-- 36612
-- 36612
100 ## - MAIN ENTRY--PERSONAL NAME
Personal name J V Sarni
245 ## - TITLE STATEMENT
Title Alfaz Ka Jadoo (Urdu); Talk your way to success with people
Statement of responsibility, etc. J V Sarni
260 ## - PUBLICATION, DISTRIBUTION, ETC.
Place of publication, distribution, etc. Lahore
Name of publisher, distributor, etc. ilmo Irfan
Date of publication, distribution, etc. 2008
300 ## - PHYSICAL DESCRIPTION
Extent 328 p
600 ## - SUBJECT ADDED ENTRY--PERSONAL NAME
Personal name Hafiz Muzaffar Mohsin
740 ## - ADDED ENTRY--UNCONTROLLED RELATED/ANALYTICAL TITLE
Uncontrolled related/analytical title SPEAKING POWER- SKILLS
Medium success speaking
942 ## - ADDED ENTRY ELEMENTS (KOHA)
Institution code [OBSOLETE] NUST-CAE
Call number prefix 158.SAR
Holdings
Withdrawn status Lost status Damaged status Not for loan Collection code Permanent Location Current Location Date acquired Total Checkouts Full call number Barcode Date last seen Price effective from Koha item type
          College of Aeronautical Engineering (CAE) College of Aeronautical Engineering (CAE) 04/03/2017   158.SAR CAE81230 04/05/2017 04/05/2017 Book
          College of Aeronautical Engineering (CAE) College of Aeronautical Engineering (CAE) 04/03/2017   158.SAR CAE81231 04/05/2017 04/05/2017 Book
© 2023 Central Library, National University of Sciences and Technology. All Rights Reserved.